Ο Altiero Spinelli και το όραμά του για την ενωμένη Ευρώπη

Αποθηκεύτηκε σε:
Λεπτομέρειες βιβλιογραφικής εγγραφής
Άλλοι συγγραφείς: Ντάλης, Σωτήρης (Επιμελητής έκδοσης)
Μορφή: Βιβλίο
Γλώσσα:Greek
Δημοσίευση: Αθήνα : Γκόνης, 2022.
Θέματα:
Ετικέτες: Προσθήκη ετικέτας
Δεν υπάρχουν, Καταχωρήστε ετικέτα πρώτοι!

MARC

LEADER 00000nam a2200000 a 4500
001 1/126048
008 230127s2022####gr | ||| |||| ||gre||
020 |a 9789609509176 
040 |a GR-MyUa  |b gre  |c GR-MyUa  |e AACR2 
041 0 |a gre 
082 7 |a 341.242   |2 (23) 
245 0 2 |a Ο Altiero Spinelli και το όραμά του για την ενωμένη Ευρώπη /   |c επιμέλεια, εισαγωγή: Σωτήρης Ντάλης. 
260 |a Αθήνα :   |b Γκόνης,   |c 2022. 
300 |a 318 σ. ;   |c 21 εκ.  
500 |a Περιλαμβάνει το Μανιφέστο της Φυλακής του Βεντοτένε και το σχέδιο συνθήκης για την ίδρυση της Ευρωπαϊκής Ένωσης. 
504 |a Περιλαμβάνει βιβλιογραφικές παραπομπές. 
600 1 0 |a Spinelli, Altiero. 
651 0 |a European Union countries  |x Politics and government. 
651 0 |a Europe  |x Politics and government. 
700 1 |a Ντάλης, Σωτήρης,  |e edt 
852 |a INST  |b RHODES  |c EUDOXUS  |e 20230127  |h 341.242 ALT  |p 005400043366  |q 005400043366  |t EDX  |y 0 
920 |a Εύδοξος  |b Παραγγελία  |y Ρόδος-ΠΤΔΕ  |z 2022-12 
970 |z 27-01-2023